000 01011cad a22002055a 4500
001 L157065
008 120828s2012 xxk f 000 0 eng d
035 _a(Sirsi) u157065
041 0 _aeng
110 2 _aSavills Research Singapore
_96106
245 0 0 _aAsian cities report
_bSingapore residential
_h[electronic resource]
260 _aSingapore
_bSavills
_c2012
490 0 _aSavills Asian Cities Report Singapore Residential
_v2H 2012
520 _aThe luxury residential property market in Singapore is proving attractive to overseas and domestic investors once again. The introduction of the Additional Buyer's Stamp Duty at 10% in December 2011 and the Eurozone crisis led to a fall in demand.
590 _aKA NTK
651 4 _aSingapore
690 _aResidential property
_96266
856 4 0 _uhttps://pdf.savills.asia/asia-pacific-research/asia-pacific-research/asia-city-report-2h2012---singapore-residential.pdf
_zView the item free of charge from the www.pdf.savills.asia website.
942 _n0
999 _c114568
_d114568